Mnogotomnoje rukovodstvo po nevrologii Tom 2.

Uložené v:
Podrobná bibliografia
Médium: Kniha
Jazyk:Russian
Vydané: Moskva : Medgiz, 1962.
Vydanie:1. izd.
ISBN: (viaz.)
Fyzický popis: 607 s.
Tagy: Pridať tag
Žiadne tagy, Buďte prvý kto otaguje tento záznam!

MARC

LEADER 00000nam a22000004a 4500
001 000469521
005 20150514211532.0
008 150514s1962 ru e 000 0 rus d
020 |a (viaz.)  |c Kčs 30,00 
040 |a SVKKK  |b slo  |c SVKKK  |e AACR2 
041 0 |a rus 
044 |a ru  |c RU 
245 1 0 |a Mnogotomnoje rukovodstvo po nevrologii  |n Tom 2. 
250 |a 1. izd. 
260 |a Moskva :  |b Medgiz,  |c 1962. 
300 |a 607 s. 
910 |a svkkk 
998 |a BK 
090 |g SCKHL  |k Sklad Pribinova 1. posch.  |a IV.29365  |j 323067  |i 469521-10  |s Absenčne